| Tag |
First Indicator |
Second Indicator |
Subfields |
| LEADER |
00000cam a2200000 a 4500 |
| 001 |
in00000893213 |
| 005 |
20150923151806.0 |
| 007 |
hd afv---baca |
| 007 |
hd bfv---baaa |
| 008 |
850603s1650 miu a 00010 eng d |
| 035 |
|
|
|a (OCoLC)12111546
|
| 035 |
|
|
|9 AEL8881AM
|
| 037 |
|
|
|a CL0037000033
|b University Microfilms International
|
| 037 |
|
|
|b University Microfilms International, 300 N. Zeeb Rd., Ann Arbor, MI 48106
|
| 040 |
|
|
|a EAE
|c EAE
|d m/c
|d UtOrBLW
|
| 049 |
|
|
|a TXAI
|
| 090 |
|
|
|a BT870
|b .L63 1650
|
| 099 |
|
|
|a film
|a B
|a 3609
|
| 100 |
1 |
|
|a Lockyer, Nicholas,
|d 1611-1685.
|
| 245 |
1 |
3 |
|a An olive-leaf, or, A bud of the spring :
|b viz. Christ's resurrection and its end, viz. the conversion of sinners and a Christians compleat reliefe /
|c opened by Nicholas Lockyer ...
|
| 264 |
|
3 |
|a [London] :
|b Printed by E.G. for J. Rothwell and are to be sold at his shop ... in Pauls church-yard ...,
|c 1650.
|
| 300 |
|
|
|a 24 unnumbered pages, 67 pages
|
| 336 |
|
|
|a text
|b txt
|2 rdacontent
|
| 337 |
|
|
|a microform
|b h
|2 rdamedia
|
| 338 |
|
|
|a microfilm reel
|b hd
|2 rdacarrier
|
| 500 |
|
|
|a Errata: page [24].
|
| 500 |
|
|
|a Imperfect: pages stained.
|
| 500 |
|
|
|a Reproduction of original in the Union Theological Seminary Library.
|
| 510 |
4 |
|
|a Wing
|c L2798.
|
| 533 |
|
|
|a Microfilm.
|b Ann Arbor, Mich. :
|c University Microfilms International,
|d 1980.
|e 1 microfilm reel ; 35 mm.
|f (Early English books, 1641-1700 : 1014:8)
|
| 500 |
|
|
|a Microform.
|
| 650 |
|
0 |
|a Resurrection
|v Early works to 1800.
|
| 740 |
3 |
|
|a An olive-leaf.
|
| 740 |
3 |
|
|a An olive leaf.
|
| 740 |
2 |
|
|a A bud of the spring.
|
| 830 |
|
0 |
|a Early English books, 1641-1700 ;
|v 1014:8.
|
| 999 |
|
|
|a MARS
|
| 999 |
f |
f |
|s 5e104c3f-2106-3ff4-b0d6-44858f38b1ec
|i 551524c8-bb3c-348a-8b1f-ffd15c2ccee1
|t 0
|
| 952 |
f |
f |
|p default
|a Texas A&M University
|b College Station
|c Sterling C. Evans Library
|d Evans: Microforms (3rd floor)
|t 0
|e film B 3609 1014:8
|h Other scheme
|i microform -- microfilm reel
|
| 998 |
f |
f |
|a film B 3609 1014:8
|t 0
|l Evans: Microforms (3rd floor)
|